| 000 | 01600nam0a2200325 4500 | ||
|---|---|---|---|
| 001 | RU\NLR\BIBL_A\011382499 | ||
| 005 | 20240922014931.0 | ||
| 021 |
_aRU _b2017-24651 _91829 |
||
| 035 | _a(RuMoRGB)008846976 | ||
| 035 | _a(NLR Aleph) 011382499 | ||
| 090 |
_a11409256 _c11409256 |
||
| 100 | _a20170510d2017 k y0rusy50 ca | ||
| 101 | 0 | _arus | |
| 102 | _aRU | ||
| 105 | _ay|||z|||100zy | ||
| 200 | 1 |
_aБудущее человека - в равновесии и умеренности _e[доклад] _fпрофессор Ахмад ат-Тауфик _g[Хасанийские чтения, Королевство Марокко] |
|
| 210 |
_aМосква _cНПЦ "Аль-Васатыя - умеренность" _d2017 |
||
| 215 |
_a37 с. _d21 |
||
| 225 | 1 | _aСерия "Ислам против радикализма" | |
| 300 | _aВ надзаг.: Науч.-просвет. центр "Аль-Васатыя - умеренность", Некоммерч. благотвор. фонд Фонд поддержки ислам. культуры, науки и образования | ||
| 606 |
_aПроповеди мусульманские _92023718 _3RU\NLR\AUTH\66931590 |
||
| 686 | 2 | _aЭ38-462.2 | |
| 700 | 1 |
_7ca _8rus _aТауфик _bА. ат _cдипломат, исламовед _gАхмад ат _9173870 _3RU\NLR\AUTH\770173921 |
|
| 712 | 1 | 2 |
_aХасанийские чтения _eКасабланка _f1916 _9553996 _3RU\NLR\AUTH\880445161 |
| 942 | _cBOOK | ||
| 980 | _aNBR | ||